[Event "Bad Woerishofen op"]
[Site "?"]
[Date "2003.??.??"]
[Round "7"]
[White "Beckert, Armin"]
[Black "Ring, Gregor"]
[Result "1-0"]
[WhiteElo "1602"]
[BlackElo "1978"]
[Annotator "ChessOrg"]
[PlyCount "131"]

1. e4 c5 2. Nf3 a6 3. d4 cxd4 4. Nxd4 Nf6 5. Nc3 d6 6. f4 e6 7. Bd3 Be7 8. O-O
Qb6 9. Kh1 O-O 10. e5 Nfd7 11. exd6 Qxd6 12. a4 Nf6 13. b3 Rd8 14. Nf3 Nc6 15.
Ba3 Qc7 16. Bxe7 Qxe7 17. Qe2 b6 18. Ne4 Nd5 19. Ne5 Ndb4 20. Nxc6 Nxc6 21.
Rad1 Bb7 22. c3 Qc7 23. f5 exf5 24. Rxf5 f6 25. Rh5 Ne5 26. Bc2 a5 27. Rh3 h6
28. Rg3 Kh8 29. Qe3 Bd5 30. Nxf6 Bf7 31. Rxd8+ Rxd8 32. Qe4 g6 33. Qh4 Kg7 34.
Ne4 Re8 35. Qf6+ Kg8 36. Ng5 Ng4 37. Qf1 Ne3 38. Qxf7+ Qxf7 39. Nxf7 Nxc2 40.
Nxh6+ Kg7 41. Nf5+ Kf6 42. h3 Kxf5 43. Rf3+ Kg5 44. Rd3 Re6 45. Kg1 Ne3 46. Kf2
Nf5 47. Rd5 Rd6 48. Rb5 Kf4 49. b4 axb4 50. Rxb4+ Ke5 51. g4 Ne7 52. Rb5+ Ke4
53. a5 bxa5 54. Rxa5 Rc6 55. Ra7 Nd5 56. Ra4+ Ke5 57. c4 Nf4 58. h4 Nd3+ 59.
Ke3 Nc5 60. Ra5 Kd6 61. h5 g5 62. Ra8 Ne6 63. h6 Nf4 64. h7 Ng6 65. Rg8 Ke5 66.
Rxg6 1-0

[Event "Bad Woerishofen op"]
[Site "?"]
[Date "2003.??.??"]
[Round "7"]
[White "Martino-Gross, Peter"]
[Black "Bergmann, Thomas"]
[Result "1/2-1/2"]
[WhiteElo "2053"]
[BlackElo "1753"]
[Annotator "ChessOrg"]
[PlyCount "74"]

1. c4 e5 2. Nc3 Nc6 3. Nf3 f5 4. d3 Nf6 5. g3 g6 6. Bg2 Bg7 7. O-O O-O 8. Rb1
Ne7 9. Nxe5 d6 10. Nf3 h6 11. Bd2 Qe8 12. e3 g5 13. b4 g4 14. Nd4 a6 15. Nde2
Ng6 16. Re1 c6 17. a4 Bd7 18. b5 axb5 19. axb5 Ne5 20. Nf4 h5 21. e4 Qf7 22.
bxc6 Bxc6 23. Ncd5 fxe4 24. Nxf6+ Qxf6 25. Rxe4 Bxe4 26. Bxe4 Bh6 27. Kg2 Bxf4
28. Bxf4 Ng6 29. Be3 Ra2 30. Qe1 h4 31. Bd5+ Kh8 32. c5 h3+ 33. Kf1 Ne5 34.
Bxa2 Qf3 35. Rb4 Qh1+ 36. Ke2 Qxe1+ 37. Kxe1 Nxd3+ 1/2-1/2

[Event "Bad Woerishofen op"]
[Site "?"]
[Date "2003.??.??"]
[Round "7"]
[White "Mahrla, Hans"]
[Black "Vonach, Bernhard"]
[Result "0-1"]
[WhiteElo "1479"]
[BlackElo "2050"]
[Annotator "ChessOrg"]
[PlyCount "82"]

1. e4 e5 2. Nf3 Nc6 3. d4 exd4 4. Nxd4 Qh4 5. Nc3 Bb4 6. Be3 Nf6 7. Ndb5 Ba5 8.
a3 Nxe4 9. b4 Nxc3 10. Nxc3 Bb6 11. Bxb6 axb6 12. Qe2+ Kd8 13. Qd2 Re8+ 14. Be2
Qd4 15. Qxd4 Nxd4 16. Kd2 Nxe2 17. Nxe2 d6 18. h3 Bd7 19. Rhe1 c6 20. Nf4 Rxe1
21. Kxe1 Kc7 22. Kd2 g5 23. Nh5 d5 24. Nf6 h6 25. c3 Kd6 26. Ke3 Ke7 27. Nh5 c5
28. f4 Bc6 29. Kf2 f6 30. Ng3 Bd7 31. Ke3 d4+ 32. cxd4 cxb4 33. fxg5 hxg5 34.
a4 f5 35. Kd2 Kf6 36. Nf1 f4 37. Kd3 Bxa4 38. Kd2 Ra5 39. Rb1 Bb5 40. Rxb4 Bxf1
41. Rxb6+ Kf5 0-1

[Event "Bad Woerishofen op"]
[Site "?"]
[Date "2003.??.??"]
[Round "7"]
[White "Kluger, Norbert"]
[Black "Zillich, Raimar"]
[Result "1/2-1/2"]
[WhiteElo "2198"]
[BlackElo "1637"]
[Annotator "ChessOrg"]
[PlyCount "58"]

1. e4 c5 2. Nf3 e6 3. d4 cxd4 4. Nxd4 Nf6 5. Nc3 d6 6. Be3 Be7 7. Bc4 Qc7 8.
Bb3 a6 9. Qe2 Nc6 10. O-O-O Na5 11. Kb1 Nxb3 12. axb3 b5 13. f4 O-O 14. Bf2 Bb7
15. e5 dxe5 16. fxe5 Nd7 17. Bg3 Bb4 18. Rd3 Nc5 19. Re3 Nd7 20. Rf1 Rfe8 21.
Bf4 Nf8 22. h4 Bc5 23. Rd3 Rad8 24. Rfd1 Bxd4 25. Rxd4 Rxd4 26. Rxd4 Rd8 27.
Rxd8 Qxd8 28. g3 Qd4 29. Qe3 Qxe3 1/2-1/2

[Event "Bad Woerishofen op"]
[Site "?"]
[Date "2003.??.??"]
[Round "7"]
[White "Walton, Alan"]
[Black "Ragsch, Klaus"]
[Result "1-0"]
[WhiteElo "2144"]
[BlackElo "1890"]
[Annotator "ChessOrg"]
[PlyCount "89"]

1. d4 d5 2. Bg5 Nf6 3. Bxf6 gxf6 4. c4 Bg7 5. Nc3 dxc4 6. e4 Nc6 7. d5 Ne5 8.
f4 Nd3+ 9. Bxd3 cxd3 10. Qxd3 Bd7 11. Nf3 Bh6 12. g3 O-O 13. Rd1 Re8 14. O-O
Bg4 15. Qc4 a6 16. e5 Bg7 17. Qe4 Qd7 18. Rfe1 Qf5 19. Qxf5 Bxf5 20. Rd4 Bg4
21. Kg2 Bxf3+ 22. Kxf3 Red8 23. Rc4 Rac8 24. a4 fxe5 25. fxe5 Bh6 26. Re2 Bg7
27. Ke4 Rd7 28. g4 c6 29. Kf4 Rdc7 30. g5 cxd5 31. Rxc7 Rxc7 32. Nxd5 Rd7 33.
Ke4 e6 34. Nb6 Rc7 35. Rd2 Bf8 36. Nd7 Be7 37. Nf6+ Kh8 38. h4 h6 39. b3 hxg5
40. hxg5 Rc3 41. Rd7 Bxf6 42. exf6 Rxb3 43. Rxf7 b5 44. g6 Rg3 45. Rf8# 1-0

[Event "Bad Woerishofen op"]
[Site "?"]
[Date "2003.??.??"]
[Round "7"]
[White "Behl, Torsten"]
[Black "Schwarz, Gerd"]
[Result "1-0"]
[WhiteElo "2094"]
[BlackElo "1748"]
[Annotator "ChessOrg"]
[PlyCount "41"]

1. e4 e5 2. d4 exd4 3. Qxd4 Nf6 4. Nc3 Nc6 5. Qe3 b6 6. Bd3 Bc5 7. Qg3 Bb7 8.
Bg5 Bd6 9. f4 h6 10. Qh4 Nb4 11. O-O-O Nxd3+ 12. cxd3 Be7 13. Nf3 O-O 14. e5
Bxf3 15. exf6 hxg5 16. fxg5 Bxd1 17. Nd5 Bxf6 18. gxf6 gxf6 19. Nxf6+ Kg7 20.
Qg5+ Kh8 21. Qh6# 1-0

[Event "Bad Woerishofen op"]
[Site "?"]
[Date "2003.??.??"]
[Round "7"]
[White "Reichenbacher, Gerhard"]
[Black "Valent, Peter"]
[Result "0-1"]
[WhiteElo "1742"]
[BlackElo "2086"]
[Annotator "ChessOrg"]
[PlyCount "78"]

1. e4 e5 2. Bc4 Nf6 3. d3 c6 4. Nf3 d5 5. Bb3 Bd6 6. O-O O-O 7. Bg5 dxe4 8.
dxe4 Qe7 9. Nbd2 Bg4 10. Nc4 Bc7 11. Ne3 Be6 12. Nf5 Bxf5 13. exf5 Nbd7 14. Re1
e4 15. Bh4 Qb4 16. c3 Qa5 17. Nd4 Bb6 18. Ne6 Qxf5 19. Nxf8 Rxf8 20. Qe2 g5 21.
Bg3 h5 22. h3 h4 23. Bd6 Re8 24. Rf1 g4 25. Kh2 Ne5 26. Bxe5 Qxe5+ 27. Kh1 Bc7
28. g3 gxh3 29. f4 Qf5 30. g4 Qc5 31. Rad1 e3 32. Rd4 Ne4 33. Rxe4 Rxe4 34. g5
Qb5 35. c4 Qb4 36. Rd1 Qe7 37. c5 Rxf4 38. g6 Qe4+ 39. Kg1 Rg4+ 0-1

[Event "Bad Woerishofen op"]
[Site "?"]
[Date "2003.??.??"]
[Round "7"]
[White "Friedrich, Wolfgang"]
[Black "Sakowski, Christian"]
[Result "0-1"]
[WhiteElo "2079"]
[BlackElo "1722"]
[Annotator "ChessOrg"]
[PlyCount "88"]

1. e4 c6 2. d4 d5 3. Nd2 dxe4 4. Nxe4 Bf5 5. Ng3 Bg6 6. h4 h6 7. h5 Bh7 8. Nf3
Nd7 9. Bd3 Bxd3 10. Qxd3 Ngf6 11. Bd2 e6 12. Qe2 Qc7 13. O-O-O O-O-O 14. c4 Bd6
15. Ne4 Bf4 16. Kb1 Bxd2 17. Nexd2 Kb8 18. Ne5 Nxe5 19. dxe5 Nd7 20. f4 Nc5 21.
Ne4 Nxe4 22. Qxe4 Rxd1+ 23. Rxd1 Rd8 24. Rxd8+ Qxd8 25. Kc2 c5 26. Qd3 Qxd3+
27. Kxd3 Kc7 28. g4 Kd7 29. Ke4 b6 30. f5 Ke7 31. Kf4 a6 32. g5 hxg5+ 33. Kxg5
exf5 34. Kxf5 g6+ 35. hxg6 fxg6+ 36. Kxg6 Ke6 37. b3 a5 38. Kg7 Kxe5 39. Kf7
Kd4 40. Ke6 Kc3 41. Kd6 Kb2 42. Kc6 Kxa2 43. Kxb6 Kxb3 44. Kxc5 a4 0-1

[Event "Bad Woerishofen op"]
[Site "?"]
[Date "2003.??.??"]
[Round "7"]
[White "Regatschnig, Horst"]
[Black "Pitl, Jarno"]
[Result "1/2-1/2"]
[WhiteElo "1740"]
[BlackElo "2073"]
[Annotator "ChessOrg"]
[PlyCount "96"]

1. d4 Nf6 2. Bg5 g6 3. Bxf6 exf6 4. g3 d5 5. Bg2 Bg7 6. Nf3 O-O 7. O-O Be6 8.
Nbd2 Nd7 9. Re1 f5 10. Rc1 c6 11. c3 g5 12. Qc2 Qf6 13. e3 Rfe8 14. c4 Qg6 15.
b3 Bf6 16. Nf1 h5 17. N3d2 Nb6 18. c5 Nd7 19. b4 Be7 20. a4 Nf6 21. Nb3 Bd7 22.
Nfd2 Ne4 23. f3 Nxd2 24. Nxd2 Bf6 25. Nb3 Re7 26. Re2 Rae8 27. Rce1 Bg7 28. Kf2
Kh7 29. h3 Bh6 30. Na5 Bc8 31. Nb3 f4 32. Qxg6+ Kxg6 33. g4 fxe3+ 34. Rxe3 Rxe3
35. Rxe3 Rxe3 36. Kxe3 f5 37. Na5 hxg4 38. hxg4 fxg4 39. fxg4 Bxg4 40. Nxb7 Bd1
41. b5 g4+ 42. Kd3 Bxa4 43. bxc6 Bxc6 44. Na5 Bb5+ 45. Kc3 Kf7 46. Bxd5+ Ke8
47. Nc4 Kd8 48. Nd6 Be8 1/2-1/2

[Event "Bad Woerishofen op"]
[Site "?"]
[Date "2003.??.??"]
[Round "7"]
[White "Sanna, Giuseppe"]
[Black "Reichwald, Klaus-Dieter"]
[Result "1/2-1/2"]
[WhiteElo "1647"]
[BlackElo "2027"]
[Annotator "ChessOrg"]
[PlyCount "65"]

1. d4 Nf6 2. Nf3 g6 3. Bg5 Bg7 4. c3 d6 5. Nbd2 Nbd7 6. e4 e5 7. Bc4 O-O 8. O-O
h6 9. Bh4 Qe8 10. Re1 g5 11. Bg3 Nh5 12. Nxg5 Nxg3 13. Nxf7 Rxf7 14. hxg3 Kh8
15. Bxf7 Qxf7 16. Nf1 Nf8 17. d5 Bd7 18. Ne3 Qg6 19. Qf3 Nh7 20. Nf5 Ng5 21.
Qd3 Rf8 22. g4 Nh7 23. Re3 Bf6 24. Qe2 Bg5 25. Rh3 Nf6 26. g3 Rf7 27. Kg2 Rh7
28. Rah1 c6 29. c4 c5 30. Kf1 a6 31. Ke1 b5 32. b3 Ng8 33. f3 1/2-1/2

[Event "Bad Woerishofen op"]
[Site "?"]
[Date "2003.??.??"]
[Round "7"]
[White "Willin, Bernhard"]
[Black "Schrinner, Stefan"]
[Result "1/2-1/2"]
[WhiteElo "2005"]
[BlackElo "1688"]
[Annotator "ChessOrg"]
[PlyCount "83"]

1. Nf3 d5 2. d4 Bg4 3. Bf4 Bxf3 4. exf3 e6 5. Bd3 Bd6 6. Bg3 Nc6 7. c3 Bxg3 8.
hxg3 g6 9. f4 Nf6 10. Nd2 Qe7 11. a4 a6 12. b4 O-O 13. Qf3 b6 14. g4 Kg7 15.
Qh3 Rh8 16. g5 Nh5 17. Qe3 f5 18. g3 h6 19. Nf3 Qd6 20. O-O Rhe8 21. Rae1 Nd8
22. gxh6+ Kxh6 23. Ng5 Kg7 24. Re2 Nf6 25. f3 Nh7 26. Nxh7 Kxh7 27. Rh2+ Kg7
28. Kg2 Nf7 29. Rfh1 Rh8 30. Rxh8 Nxh8 31. c4 Nf7 32. c5 Qd7 33. a5 b5 34. Be2
Rh8 35. Rxh8 Kxh8 36. g4 Kg7 37. g5 Qe8 38. Bd3 Kf8 39. Qe1 Ke7 40. Qh4 Qg8 41.
Qe1 Qg7 42. Qc3 1/2-1/2

[Event "Bad Woerishofen op"]
[Site "?"]
[Date "2003.??.??"]
[Round "7"]
[White "Klein, Reinhard"]
[Black "Mittelsteiner, Horst"]
[Result "1/2-1/2"]
[WhiteElo "1643"]
[BlackElo "1997"]
[Annotator "ChessOrg"]
[PlyCount "50"]

1. d4 d5 2. Nf3 Nf6 3. Bg5 Ne4 4. Bf4 c5 5. e3 Qb6 6. Qc1 Nc6 7. c3 f6 8. Nbd2
cxd4 9. exd4 g5 10. Be3 Nxd2 11. Qxd2 Bf5 12. Be2 e6 13. O-O Qc7 14. Rfe1 Bd6
15. g3 h5 16. Bd3 Bxd3 17. Qxd3 O-O-O 18. Bxg5 fxg5 19. Nxg5 Rdg8 20. Nxe6 Qf7
21. Re3 h4 22. Rf1 hxg3 23. fxg3 Qh5 24. Rf2 Ne7 25. Kf1 Qh3+ 1/2-1/2

[Event "Bad Woerishofen op"]
[Site "?"]
[Date "2003.??.??"]
[Round "7"]
[White "Taufratshofer, Martin"]
[Black "Stojadinovic, Tomislav"]
[Result "1/2-1/2"]
[WhiteElo "2074"]
[BlackElo "1780"]
[Annotator "ChessOrg"]
[PlyCount "76"]

1. Nf3 e6 2. c4 b6 3. g3 Bb7 4. Bg2 c5 5. Nc3 a6 6. O-O Ne7 7. d4 cxd4 8. Qxd4
Nbc6 9. Qe4 Na5 10. Qd3 d6 11. Rd1 Ng6 12. b3 Qc7 13. Ba3 Rd8 14. Rac1 Be7 15.
Ne4 O-O 16. Qb1 Qb8 17. h4 Bxe4 18. Qxe4 d5 19. Qxg6 hxg6 20. Bxe7 Rfe8 21.
Bxd8 Rxd8 22. Nd4 dxc4 23. b4 e5 24. bxa5 exd4 25. Rxc4 b5 26. Rc6 Rd6 27. Rdc1
Rxc6 28. Rxc6 Qe5 29. Bf3 d3 30. exd3 Qa1+ 31. Kg2 Qxa2 32. Rxa6 b4 33. Ra7 b3
34. Bd5 Qa4 35. Rb7 b2 36. Rxb2 Qxa5 37. Rb8+ Kh7 38. Bc4 Qc7 1/2-1/2

[Event "Bad Woerishofen op"]
[Site "?"]
[Date "2003.??.??"]
[Round "7"]
[White "Steiger, Walfried"]
[Black "Mueller, Wolfgang"]
[Result "1-0"]
[WhiteElo "1960"]
[BlackElo "1574"]
[Annotator "ChessOrg"]
[PlyCount "87"]

1. d4 Nf6 2. c4 e6 3. Nc3 Bb4 4. e3 b6 5. Bd3 Bxc3+ 6. bxc3 Bb7 7. f3 d6 8. Nh3
Nbd7 9. O-O Qe7 10. Bd2 O-O-O 11. a4 a5 12. Nf2 h5 13. Rb1 g5 14. e4 Rdg8 15.
Rb5 g4 16. f4 h4 17. Qe2 g3 18. hxg3 Rxg3 19. Rg5 Rxg5 20. fxg5 Nh5 21. Nh1 Ng3
22. Nxg3 hxg3 23. Qf3 f5 24. Qxg3 fxe4 25. Be2 Qh7 26. Be3 Qh1+ 27. Kf2 Rf8+
28. Ke1 Rxf1+ 29. Bxf1 Ba6 30. Qh3 Qxh3 31. gxh3 Kd8 32. h4 Ke7 33. Be2 Kf8 34.
h5 Kg7 35. c5 Bxe2 36. Kxe2 bxc5 37. dxc5 dxc5 38. Bf4 e5 39. Bg3 c4 40. Ke3
Nc5 41. Bxe5+ Kg8 42. g6 Nd7 43. Kxe4 Nc5+ 44. Kf5 1-0

[Event "Bad Woerishofen op"]
[Site "?"]
[Date "2003.??.??"]
[Round "7"]
[White "Bienhuels, Michael"]
[Black "Muench, Werner"]
[Result "1/2-1/2"]
[WhiteElo "1912"]
[BlackElo "1608"]
[Annotator "ChessOrg"]
[PlyCount "25"]

1. Nf3 d5 2. g3 Nf6 3. Bg2 c5 4. O-O Nc6 5. d3 e6 6. Nbd2 Be7 7. e4 Qc7 8. Re1
b6 9. c3 Bb7 10. e5 Nd7 11. Qe2 O-O-O 12. a3 g5 13. Nf1 1/2-1/2

[Event "Bad Woerishofen op"]
[Site "?"]
[Date "2003.??.??"]
[Round "7"]
[White "Laurent, Michel"]
[Black "von Saldern, Ruediger"]
[Result "1-0"]
[WhiteElo "2012"]
[BlackElo "2143"]
[Annotator "ChessOrg"]
[PlyCount "93"]

1. b3 e5 2. Bb2 Nc6 3. e3 Be7 4. f4 Bf6 5. fxe5 Bxe5 6. Bxe5 Nxe5 7. Nf3 Nxf3+
8. Qxf3 Qh4+ 9. g3 Qf6 10. Qxf6 Nxf6 11. Bg2 d5 12. O-O Be6 13. Nc3 O-O-O 14.
Nb5 c6 15. Nd4 Bg4 16. Nf5 Bxf5 17. Rxf5 Rhe8 18. Raf1 Rd6 19. g4 Nxg4 20. Rxf7
Rg6 21. Rf8 Rxf8 22. Rxf8+ Kc7 23. Rf7+ Kb6 24. h3 Nf6 25. d3 h6 26. Kf2 a5 27.
Bf3 Ne8 28. Re7 Nf6 29. e4 dxe4 30. dxe4 Ng8 31. Rf7 Nf6 32. e5 Nd5 33. Be4 Rg5
34. Bxd5 cxd5 35. e6 Kc6 36. e7 Kd7 37. e8=Q+ Kxe8 38. Rxb7 Kf8 39. Ra7 d4 40.
Rc7 Rd5 41. Ke2 a4 42. Ra7 axb3 43. axb3 Rh5 44. b4 Rxh3 45. b5 Rc3 46. b6
Rxc2+ 47. Kd3 1-0

[Event "Bad Woerishofen op"]
[Site "?"]
[Date "2003.??.??"]
[Round "7"]
[White "Spenk, Willi"]
[Black "Harting, Andreas"]
[Result "0-1"]
[WhiteElo "1570"]
[BlackElo "1841"]
[Annotator "ChessOrg"]
[PlyCount "98"]

1. e4 c6 2. d4 d5 3. exd5 cxd5 4. Nf3 Bg4 5. Be2 Nf6 6. Ne5 Bxe2 7. Qxe2 a6 8.
Nc3 e6 9. Bg5 Bb4 10. O-O Bxc3 11. bxc3 O-O 12. f4 Nbd7 13. Rf3 Qc7 14. Nxd7
Nxd7 15. f5 exf5 16. Rxf5 Qxc3 17. Raf1 Qxd4+ 18. Be3 Qe4 19. R1f4 Qe6 20. Qf3
Ne5 21. Qf2 b6 22. Bd4 Ng6 23. Rf3 Rae8 24. Re3 Qd7 25. Bxb6 Rxe3 26. Bxe3 Rb8
27. h3 Rb1+ 28. Kh2 Qc7+ 29. g3 Rb5 30. Bd4 Nf8 31. Rf3 Ne6 32. Rc3 Qb7 33. Rb3
Qc7 34. Rc3 Qd7 35. Qe3 Rb4 36. Rb3 Rxb3 37. axb3 Qb5 38. Bb2 h6 39. Kg2 a5 40.
Qe5 Qc6 41. Qc3 Qb7 42. Qxa5 d4+ 43. Kf2 Qe4 44. Qd2 Ng5 45. Qe2 Nxh3+ 46. Ke1
Qd5 47. Kd2 Qg5+ 48. Kd1 Qd5 49. Qg4 Nf2+ 0-1

[Event "Bad Woerishofen op"]
[Site "?"]
[Date "2003.??.??"]
[Round "7"]
[White "Schmitt, Karl"]
[Black "Dittler, Volkfried"]
[Result "1-0"]
[WhiteElo "1829"]
[BlackElo "1500"]
[Annotator "ChessOrg"]
[PlyCount "77"]

1. Nf3 Nf6 2. c4 c5 3. b3 Nc6 4. Bb2 d6 5. d4 cxd4 6. Nxd4 g6 7. Nxc6 bxc6 8.
Bxf6 exf6 9. Nc3 Qa5 10. Qd2 Bg7 11. Ne4 Qxd2+ 12. Kxd2 f5 13. Nc3 Be6 14. Rc1
O-O 15. e3 Rfd8 16. Bd3 d5 17. cxd5 cxd5 18. Nb5 d4 19. Nxd4 Rxd4 20. exd4 Bh6+
21. Kc3 Bxc1 22. Rxc1 a5 23. Bc4 Rc8 24. f4 a4 25. Re1 axb3 26. axb3 Bd5 27. g3
Be4 28. Ra1 Rc7 29. Ra5 Kf8 30. Kb4 Rd7 31. d5 Rd8 32. Kc5 Re8 33. Ra7 Rc8+ 34.
Kd6 h6 35. Kd7 Re8 36. d6 Rb8 37. Kc7 Re8 38. d7 Re7 39. Kd6 1-0

[Event "Bad Woerishofen op"]
[Site "?"]
[Date "2003.??.??"]
[Round "7"]
[White "Schenfeld, Waldemar"]
[Black "Gajewski, Richard"]
[Result "0-1"]
[WhiteElo "1462"]
[BlackElo "1780"]
[Annotator "ChessOrg"]
[PlyCount "100"]

1. e4 e5 2. Nf3 Bc5 3. Bc4 Nc6 4. Nc3 a6 5. a4 d6 6. d3 Nge7 7. Bg5 h6 8. Bh4
f5 9. exf5 Bxf5 10. h3 Qd7 11. Nd5 Ng6 12. Bg3 O-O-O 13. c3 Rde8 14. O-O h5 15.
Nh4 Nxh4 16. Bxh4 e4 17. d4 Ba7 18. b4 g5 19. Bxg5 Bxh3 20. Nf6 Qg7 21. f4 Bf5
22. Nxe8 Rxe8 23. b5 Nxd4 24. cxd4 Bxd4+ 25. Kh1 a5 26. Ra2 h4 27. Qh5 Rh8 28.
Qf7 Qxf7 29. Bxf7 Kd7 30. Bd5 c6 31. bxc6+ bxc6 32. Bc4 d5 33. Be2 Kd6 34. Rd1
Bf2 35. Bf6 Rg8 36. Be5+ Kd7 37. Rb2 Rc8 38. Rb7+ Ke6 39. Rc7 Rxc7 40. Bxc7 c5
41. Bxa5 d4 42. Bc4+ Kf6 43. Bd8+ Kg6 44. a5 e3 45. a6 Be4 46. a7 h3 47. Bf1 c4
48. Rxd4 e2 49. Rd6+ Kf7 50. Rf6+ Kg7 0-1

[Event "Bad Woerishofen op"]
[Site "?"]
[Date "2003.??.??"]
[Round "7"]
[White "Glas, Stefan"]
[Black "Weber, Ludwig"]
[Result "1-0"]
[WhiteElo "2096"]
[BlackElo "1460"]
[Annotator "ChessOrg"]
[PlyCount "37"]

1. e4 d6 2. d4 Nd7 3. Bc4 e5 4. Nf3 Qf6 5. Nc3 c6 6. Bg5 Qg6 7. Qd2 h6 8. O-O-O
hxg5 9. dxe5 g4 10. Bxf7+ Qxf7 11. Ng5 Qg6 12. f4 Be7 13. e6 Ne5 14. Kb1 Bxg5
15. Qxd6 Be7 16. Qxe5 Qf6 17. Qc7 Bd8 18. Rxd8+ Qxd8 19. Qf7# 1-0

[Event "Bad Woerishofen op"]
[Site "?"]
[Date "2003.??.??"]
[Round "7"]
[White "Klein, Thomas"]
[Black "Seidel, Sandra"]
[Result "0-1"]
[WhiteElo "1547"]
[BlackElo "1814"]
[Annotator "ChessOrg"]
[PlyCount "40"]

1. e4 e6 2. d4 d5 3. exd5 exd5 4. Bd3 c5 5. dxc5 Bxc5 6. Bf4 Nf6 7. Nf3 O-O 8.
O-O h6 9. Nbd2 Nc6 10. c3 Re8 11. Qc2 Nh5 12. Bg3 Nxg3 13. hxg3 Qd6 14. Rae1
Bd7 15. Bf5 Rxe1 16. Rxe1 Bxf5 17. Qxf5 Qxg3 18. Ne5 Nxe5 19. Rxe5 Rd8 20. Nb3
Bxf2+ 0-1

[Event "Bad Woerishofen op"]
[Site "?"]
[Date "2003.??.??"]
[Round "7"]
[White "Vu Van, Anh"]
[Black "Feicht, Roland"]
[Result "0-1"]
[WhiteElo "1700"]
[BlackElo "1516"]
[Annotator "ChessOrg"]
[PlyCount "90"]

1. d4 g6 2. e4 Bg7 3. Nf3 Nf6 4. Bd3 d6 5. O-O O-O 6. Be3 Nc6 7. Qd2 Ng4 8. Bf4
Nxd4 9. Nxd4 Bxd4 10. c3 Bg7 11. h3 Ne5 12. Rd1 c5 13. Na3 Be6 14. Bxe5 Bxe5
15. Bc4 Bd7 16. f4 Bg7 17. e5 Ba4 18. b3 Bc6 19. exd6 Qxd6 20. Qxd6 exd6 21.
Rxd6 Bxc3 22. Rad1 Bd4+ 23. Kh2 Rfd8 24. Rxd8+ Rxd8 25. Re1 Bf6 26. Re2 a6 27.
Rc2 b5 28. Bf1 Bd4 29. g3 Be4 30. Rc1 Bb2 31. Re1 Rd2+ 32. Re2 Rxe2+ 33. Bxe2
Bxa3 34. Kg1 Bb1 35. Kf2 Bxa2 36. Bd1 c4 37. bxc4 Bxc4 38. g4 Bc1 39. Kf3 a5
40. Bc2 a4 41. h4 a3 42. f5 gxf5 43. Bxf5 a2 44. h5 a1=Q 45. Kg3 Bg5 0-1

[Event "Bad Woerishofen op"]
[Site "?"]
[Date "2003.??.??"]
[Round "7"]
[White "Natterer, Winfried"]
[Black "Bretscher, Robert"]
[Result "1-0"]
[WhiteElo "1493"]
[BlackElo "1635"]
[Annotator "ChessOrg"]
[PlyCount "51"]

1. e4 e5 2. Nf3 Nc6 3. Bb5 a6 4. Ba4 Nf6 5. O-O b5 6. Bb3 d6 7. Re1 Be7 8. h3
O-O 9. c3 Rb8 10. d4 Bd7 11. a4 b4 12. dxe5 Nxe5 13. Nxe5 dxe5 14. cxb4 Rxb4
15. Nc3 Bd6 16. Bg5 Qb8 17. Bc2 Rxb2 18. Bxf6 gxf6 19. Nd5 Qd8 20. Qc1 Rb8 21.
Qh6 Be7 22. Ra3 Kh8 23. Rg3 Rg8 24. Rxg8+ Kxg8 25. Re3 Bf8 26. Nxf6+ 1-0

[Event "Bad Woerishofen op"]
[Site "?"]
[Date "2003.??.??"]
[Round "7"]
[White "Haeuser, Marco"]
[Black "Rothenhagen, Siegfried"]
[Result "1/2-1/2"]
[WhiteElo "1398"]
[BlackElo "1620"]
[Annotator "ChessOrg"]
[PlyCount "49"]

1. c4 Nf6 2. Nc3 e5 3. g3 Be7 4. Bg2 O-O 5. e3 c6 6. d4 exd4 7. Qxd4 Qa5 8.
Nge2 Na6 9. O-O Nb4 10. Qd1 Rd8 11. Nf4 d6 12. Bd2 Qe5 13. Na4 Na6 14. Bc3 Qg5
15. b3 Nc7 16. Nb2 d5 17. Qc2 dxc4 18. Nxc4 Be6 19. Ne5 Nfd5 20. Nf3 Qh6 21.
Be5 Bf6 22. Rad1 Bxe5 23. Nxe5 Nxf4 24. exf4 Bd5 25. Rfe1 1/2-1/2

[Event "Bad Woerishofen op"]
[Site "?"]
[Date "2003.??.??"]
[Round "7"]
[White "Maugg, Ludwig"]
[Black "Wachweger, Albrecht"]
[Result "1-0"]
[WhiteElo "2136"]
[BlackElo "1850"]
[Annotator "ChessOrg"]
[PlyCount "73"]

1. e4 c5 2. c3 Nc6 3. d4 cxd4 4. cxd4 d6 5. Nc3 g6 6. h3 Bg7 7. Nf3 Qa5 8. Be2
Nf6 9. O-O O-O 10. Be3 a6 11. d5 Nb8 12. a3 Nbd7 13. Nd4 Qd8 14. Rc1 b5 15. Nc6
Qe8 16. b4 Bb7 17. Na5 Qb8 18. f4 Rc8 19. Bd4 e5 20. dxe6 fxe6 21. Qb3 d5 22.
e5 Ne8 23. Bg4 Kf7 24. Ne4 h6 25. h4 Bf8 26. h5 Ng7 27. hxg6+ Kxg6 28. Ng3 Be7
29. Qd3+ Kf7 30. f5 exf5 31. Nxf5 Rxc1 32. Nxh6+ Ke8 33. Qg6+ Kd8 34. Nf7+ Ke8
35. Rxc1 Bf8 36. Nd6+ Ke7 37. Qf7+ 1-0

[Event "Bad Woerishofen op"]
[Site "?"]
[Date "2003.??.??"]
[Round "7"]
[White "Breiter, Juergen"]
[Black "Nepple, Rolf"]
[Result "1/2-1/2"]
[WhiteElo "1308"]
[BlackElo "1570"]
[Annotator "ChessOrg"]
[PlyCount "85"]

1. d4 d5 2. c4 e6 3. Nc3 Nf6 4. Nf3 Nbd7 5. e3 Bb4 6. Bd2 O-O 7. a3 Be7 8. cxd5
Nxd5 9. Nxd5 exd5 10. Qc2 c5 11. dxc5 Nxc5 12. Be2 Bg4 13. Nd4 Bxe2 14. Kxe2
Rc8 15. Qd1 Qd6 16. Nf5 Qa6+ 17. Kf3 Rfe8 18. Nxe7+ Rxe7 19. Bc3 Qe6 20. Qd4 f6
21. Rad1 Rd7 22. Rhe1 Ne4 23. Ke2 Rc4 24. Qxa7 Nxc3+ 25. bxc3 Rxc3 26. Kf1 Qd6
27. Kg1 Rxa3 28. Qd4 Ra8 29. e4 Rad8 30. e5 fxe5 31. Rxe5 b5 32. g3 b4 33. Rde1
Qf8 34. Rb1 Rb8 35. Rxd5 Rxd5 36. Qxd5+ Qf7 37. Qd6 Qb7 38. Qe6+ Kh8 39. Rd1
Qc8 40. Qxc8+ Rxc8 41. Rb1 Rb8 42. Rb2 Kg8 43. f4 1/2-1/2

[Event "Bad Woerishofen op"]
[Site "?"]
[Date "2003.??.??"]
[Round "7"]
[White "Dornreiter, Michael"]
[Black "Schweitzer, Paul"]
[Result "0-1"]
[WhiteElo "1475"]
[BlackElo "1743"]
[Annotator "ChessOrg"]
[PlyCount "46"]

1. e4 c5 2. Nf3 Nc6 3. Bc4 e6 4. d4 cxd4 5. Nxd4 Bc5 6. c3 a6 7. O-O Nf6 8. Bg5
Ne5 9. Nd2 b5 10. Be2 Qb6 11. Bxf6 gxf6 12. N2f3 Ng6 13. b4 Be7 14. Qd2 Bb7 15.
Bd3 Qc7 16. a4 bxa4 17. Rxa4 Qf4 18. Qe2 Qg4 19. h3 Qh5 20. Nd2 Qh6 21. Rfa1
Nf4 22. Qe3 Rg8 23. Bf1 Nxh3+ 0-1

[Event "Bad Woerishofen op"]
[Site "?"]
[Date "2003.??.??"]
[Round "7"]
[White "Steffl, Herbert"]
[Black "Schaumann, Rudolf"]
[Result "1-0"]
[WhiteElo "1639"]
[BlackElo "1283"]
[Annotator "ChessOrg"]
[PlyCount "89"]

1. d4 Nf6 2. Nf3 d6 3. e3 g6 4. c4 Bg7 5. Nc3 Nbd7 6. b4 O-O 7. Be2 e5 8. O-O
Qe7 9. a4 Rd8 10. Ba3 e4 11. Nd2 Nf8 12. h3 b6 13. Qc2 Re8 14. c5 d5 15. Bb5
Rd8 16. c6 Nh5 17. Be2 Qg5 18. Kh2 Nf6 19. a5 h5 20. axb6 axb6 21. Bb2 Bf5 22.
Rxa8 Rxa8 23. Ra1 Rxa1 24. Bxa1 Ne6 25. Nb5 Qh4 26. Kg1 Bh6 27. Bf1 Bf8 28. Bc3
Qg5 29. Kh1 Ne8 30. Qa4 Qd8 31. Na3 g5 32. b5 h4 33. Bb4 Nf6 34. Be2 g4 35.
Bxf8 Qxf8 36. hxg4 Nxg4 37. Kg1 Qg7 38. Nf1 Ng5 39. Qa8+ Kh7 40. Bxg4 Bxg4 41.
Qd8 Nf3+ 42. gxf3 Bh3+ 43. Ng3 f6 44. Qxd5 hxg3 45. Qxe4+ 1-0

[Event "Bad Woerishofen op"]
[Site "?"]
[Date "2003.??.??"]
[Round "7"]
[White "Hegel, Pius"]
[Black "Prigge, Joerg"]
[Result "1-0"]
[WhiteElo "1619"]
[BlackElo "1543"]
[Annotator "ChessOrg"]
[PlyCount "44"]

1. Nf3 e6 2. b3 Nf6 3. e3 Be7 4. Bb2 d6 5. c4 Nbd7 6. Nc3 b6 7. d4 c5 8. Bd3
Bb7 9. Qe2 Qc7 10. Nb5 Qc8 11. e4 cxd4 12. Bxd4 e5 13. Bb2 Nc5 14. Nd2 Nxd3+
15. Qxd3 Qc6 16. f3 O-O 17. g4 a6 18. Nc3 Nd7 19. Nd5 Bh4+ 20. Ke2 Qc5 21. Raf1
Bxd5 22. exd5 Bg5 1-0

[Event "Bad Woerishofen op"]
[Site "?"]
[Date "2003.??.??"]
[Round "7"]
[White "Lang, Ludwig"]
[Black "Dahmen, Juergen"]
[Result "0-1"]
[WhiteElo "1101"]
[BlackElo "1560"]
[Annotator "ChessOrg"]
[PlyCount "44"]

1. e4 c5 2. Nf3 e6 3. d4 cxd4 4. Nxd4 a6 5. Nc3 d6 6. Bd3 Nf6 7. Bd2 Be7 8. Qe2
Nbd7 9. Nf3 Qc7 10. O-O-O b5 11. Nb1 Bb7 12. c3 Nc5 13. e5 Nxd3+ 14. Qxd3 dxe5
15. Qe2 Rc8 16. Rhg1 Ne4 17. Be1 b4 18. c4 Qxc4+ 19. Qxc4 Rxc4+ 20. Nc3 bxc3
21. bxc3 Nxc3 22. Rd2 Ne2+ 0-1